00224nam a2200097Ia 4500008004100000041000800041082001400049100001300063245002800076260002200104230627s9999 xx 000 0 und d amar a1.64bAPA aApate, M aInternet Ak Kalpwruksha bRajhuns Pubc1997